| 000 | 00416nam a22001337a 4500 | ||
|---|---|---|---|
| 005 | 20180712113057.0 | ||
| 020 |
_a0070588678 _c000.00 |
||
| 035 | _aB-147017,B-147014 | ||
| 245 |
_a microsoft SQL Server 2000: Reporting Services / _cby Brian larson |
||
| 260 |
_aNew Delhi _bTata Mcgraw-Hill _c2004 |
||
| 300 |
_axx, 634p. _c23cms |
||
| 700 |
_aHutnik, Stephen _942168 |
||
| 942 |
_2ddc _cEN _h005.754 _mLAR |
||
| 999 |
_c62892 _d62892 |
||